Kanun Prosedur Jenayah ( Akta 593 ) : (hingga 10hb Februari 2006)

Bibliographic Details
Format: Book
Published: Petaling Jaya : International Law Book Services , 2006
Subjects:

MARC

LEADER 00000cam a2200000 7i4500
001 0000016877
005 20060718.0
020 |a 9678916665 
040 |a INS 
090 0 0 |a KF4594.M5   |b KPJ 
245 1 0 |a Kanun Prosedur Jenayah ( Akta 593 ) :   |b (hingga 10hb Februari 2006)   |c compiled by Legal Research Board 
260 |a Petaling Jaya :   |b International Law Book Services ,   |c 2006 
300 |a 265p. ;   |c 24cm. 
650 0 0 |a Criminal law   |z Malaysia 
650 0 0 |a Criminal procedure   |z Malaysia 
999 |a 0000017783   |b BOOK   |c Acts   |e Default branch